| 000 | 00000nam##2200000za#4500 |
| 001 | 9.669082 |
| 003 | CaOODSP |
| 005 | 20210615124609 |
| 007 | ta |
| 008 | 150407|2007||||xxc||||| f|0| 0 chi|d |
| 020 | |a978-0-662-02995-3 |
| 040 | |aCaOODSP|bfre |
| 041 | |achi |
| 043 | |an-cn--- |
| 086 | 1 |aCD4-47/2007Ch |
| 110 | 1 |aCanada.|bAgence canadienne de développement international. |
| 245 | 10|aProgramme de l'ACDI pour la Chine - guide de mise en oeuvre Égalité entre les sexes |
| 260 | |aOttawa - Ontario : |bAgence canadienne de développement international |c©2007. |
| 300 | |avii, 31p. : |bphotographies ; |c28 cm. |
| 500 | |aL'ISBN (978-0-662-46645-1) de l'édition en anglais a été imprimé dans cette publication. |
| 546 | |aTexte en chinois. |
| 563 | |aCouverture souple |
| 590 | |a07-47|b2007-11-23 |
| 691 | 07|aÉgalité des sexes|2gcpds |
| 691 | 07|aDéveloppement international|2gcpds |
| 775 | 08|tCIDA China Program - Gender Equality toolkit |w(CaOODSP)9.650873 |
| 775 | 08|tProgramme de l'ACDI pour la Chine - guide de mise en oeuvre Égalité entre les sexes |w(CaOODSP)9.683949 |
| 776 | 0#|t[CIDA China Program - gender equality toolkit] |w(CaOODSP)9.674597 |
| 791 | |tCIDA China Program - Gender Equality toolkit |eeng|w(CaOODSP)9.669081 |